El pez que no quiso evolucionar : (Record no. 6304)

MARC details
000 -LEADER
campo de control de longitud fija 00735nam a22002297a 4500
001 - NÚMERO DE CONTROL
campo de control 24848
005 - FECHA Y HORA DE LA ÚLTIMA TRANSACCIÓN
campo de control 20250522045733.0
008 - DATOS DE LONGITUD FIJA--INFORMACIÓN GENERAL
campo de control de longitud fija 5230202004 sp
020 ## - NÚMERO INTERNACIONAL ESTÁNDAR DEL LIBRO
Número Internacional Estándar del Libro 84-205-4036-6
082 ## - NÚMERO DE LA CLASIFICACIÓN DECIMAL DEWEY
Número de clasificación 658.406 m949P4
100 ## - ENTRADA PRINCIPAL--NOMBRE DE PERSONA
Nombre de persona Muro, Paco
245 ## - MENCIÓN DEL TÍTULO
Título El pez que no quiso evolucionar :
Resto del título relatos de la empresa y de la vida
Mención de responsabilidad, etc. Paco Muro;
-- Prólogo de Carlos de Jaureguizar.
250 ## - MENCION DE EDICION
Mención de edición 4
260 ## - PUBLICACIÓN, DISTRIBUCIÓN, ETC.
Lugar de publicación, distribución, etc. Madrid, España :
Nombre del editor, distribuidor, etc. Pearson Educación
Fecha de publicación, distribución, etc. 2004
300 ## - DESCRIPCIÓN FÍSICA
Extensión xix, 193 p. ;
Dimensiones 21 cm.
650 ## - PUNTO DE ACCESO ADICIONAL DE MATERIA--TÉRMINO DE MATERIA
Término de materia o nombre geográfico como elemento de entrada 1.Administración de Empresas
650 ## - PUNTO DE ACCESO ADICIONAL DE MATERIA--TÉRMINO DE MATERIA
Término de materia o nombre geográfico como elemento de entrada 2.Cambio Organizacional
650 ## - PUNTO DE ACCESO ADICIONAL DE MATERIA--TÉRMINO DE MATERIA
Término de materia o nombre geográfico como elemento de entrada 3.Planificación Estrategica
650 ## - PUNTO DE ACCESO ADICIONAL DE MATERIA--TÉRMINO DE MATERIA
Término de materia o nombre geográfico como elemento de entrada 4.Dirección de Personal
700 ## - ENTRADA AGREGADA--NOMBRE PERSONAL
Nombre de persona I.Jaureguizar, Carlos, pról
700 ## - ENTRADA AGREGADA--NOMBRE PERSONAL
Nombre de persona II.Título
Holdings
Estatus retirado Estado de pérdida Estado de daño No para préstamo Colección Biblioteca de origen Biblioteca actual Fecha de adquisición Total de préstamos Signatura topográfica completa Código de barras Visto por última vez Copia número Precio de reemplazo Tipo de ítem Koha
        Acervo general de Libros Biblioteca Central Mons. Favio M. Rivas S. Biblioteca Central Mons. Favio M. Rivas S. 12/05/2021   658.406 m949P4 000000008791 23/05/2025 1 23/05/2025 Libros